00867nam a22001937a 450000500170000000800410001702000180005804000070007604100080008308200220009110000210011324500680013426000400020230000270024236500710026952002790034065000290061970000250064820231118102837.0231118b ||||| |||| 00| 0 eng d a9789386235190 cAL aeng 223a541.242bMUKG aAsok K Mukherjee aGroup theory in chemistryb: bonding and molecular spectroscopy aNew DelhibUniversities Pressc2020 axi,516p.bPBc24x14cm. 2GeneralaABDI/0722/23b₹821.00c₹d₹1095.00e25%f27/10/2023 aReading books is a kind of enjoyment. Reading books is a good habit. We bring you a different kinds of books. You can carry this book where ever you want. It is easy to carry. It can be an ideal gift to yourself and to your loved ones. Care instruction keep away from fire.  2ChemistryaAtomic theory aGhosh Bankim Chandra